000 01183nam a2200337 a 4500
001 000046791
003 DO-SdBNP
005 20240302073951.0
007 ta
008 110214s2014 dr a 000 0bspa d
020 _a9789945468274
040 _aDO-SdBNP
_bspa
_cBNPHU
082 _a923.31
_bB142c, 2014
_222
100 1 _aCassá, Roberto,
_d1948-
_910888
245 1 0 _aMauricio Báez :
_blíder del proletariado /
_cRoberto Cassá ; ilustraciones José Mercader.
250 _a2a. ed.
260 _aSanto Domingo :
_bTobogan,
_bAlfa y Omega,
_c2014.
300 _a50 p. :
_bil. ;
_c21 cm.
490 1 _aBiografías dominicanas Tobogán ;
500 _aIncluye datos biografícos del autor y el ilustrador.
504 _aBibliografía: p. 47
590 _aInventariado, 2018/ YL
600 1 4 _aBÁEZ, MAURICIO
_d1910-1950
_951822
650 4 _aLideres obreros
_zRepública Dominicana
_951823
650 4 _aTrabajo y trabajadores
_zRepública Dominicana
_97272
650 4 _aSindicatos
_xActividad política
_zRepública Dominicana
_951824
700 1 _aMercader, José
_eil.
_956560
830 0 _aBiografías dominicanas Tobogán
_9769
910 _aYL
942 _2ddc
_cLBS1
999 _c46280
_d46280